Advances in environmental science and technology / (Record no. 136378)

MARC details
000 -LEADER
fixed length control field 01264nam a22002537a 4500
010 ## - LIBRARY OF CONGRESS CONTROL NUMBER
LC control number A-943841
020 ## - INTERNATIONAL STANDARD BOOK NUMBER
International Standard Book Number 817648010X
Terms of availability 5000(set)
035 ## - SYSTEM CONTROL NUMBER
System control number A-943841
037 ## - SOURCE OF ACQUISITION
Stock number Cen Lib / Ret
040 ## - CATALOGING SOURCE
Original cataloging agency DPL
Language of cataloging EN
082 ## - DEWEY DECIMAL CLASSIFICATION NUMBER
Classification number 363.7
Item number NEE
100 ## - MAIN ENTRY--PERSONAL NAME
Personal name Neelima Rajvaidya
245 ## - TITLE STATEMENT
Title Advances in environmental science and technology /
Statement of responsibility, etc by Neelima Rajvaidya ; Dilip Kumar Markandey
260 ## - PUBLICATION, DISTRIBUTION, ETC. (IMPRINT)
Place of publication, distribution, etc New Delhi
Name of publisher, distributor, etc APH Publishing Corporation
Date of publication, distribution, etc 1998
270 ## - ADDRESS
Address 5, Ansari Road Darya Ganj
City New Delhi
Postal code 110002
300 ## - PHYSICAL DESCRIPTION
Extent 8.v ; (v 1. 346 ; v 1 xxxi, 361 ; v 3. 424 ; v 4. xvi, 244 ; v 5. 207 ; v 6. xvii, 259 ; v 7. 113; v 8. xviii, 181)
505 ## - FORMATTED CONTENTS NOTE
Formatted contents note 8 v. (v 1. Water characteristics and properties ; v 2. environmental analysis and instrumentation ; v 3. Environmental biochemistry ; v 4. Environmental pollution control a refresher course ; v 5 Environment measurement : concept and approach ; v 6. treatment of textile industrial effluent ; v 7. Treatment of pulp - and paper industrial effluent ; v 8. Microbial technology for bio remediation)
650 ## - SUBJECT ADDED ENTRY--TOPICAL TERM
Topical term or geographic name as entry element Environmental Pollution.
650 ## - SUBJECT ADDED ENTRY--TOPICAL TERM
Topical term or geographic name as entry element Technology.
650 ## - SUBJECT ADDED ENTRY--TOPICAL TERM
Topical term or geographic name as entry element Air Pollution.
650 ## - SUBJECT ADDED ENTRY--TOPICAL TERM
Topical term or geographic name as entry element Pollution.
700 ## - ADDED ENTRY--PERSONAL NAME
Personal name Markandey, Dilip Kumar
942 ## - ADDED ENTRY ELEMENTS (KOHA)
Source of classification or shelving scheme Dewey Decimal Classification
Koha item type English Books
Classification part 363.7
Call number suffix NEE
Holdings
Withdrawn status Lost status Source of classification or shelving scheme Materials specified (bound volume or other part) Damaged status Not for loan Collection code Home library Current library Date acquired Source of acquisition Cost, normal purchase price Total Checkouts Full call number Barcode Date last seen Copy number Cost, replacement price Price effective from Koha item type
    Dewey Decimal Classification v. 8   Not For Loan Reference Central Library Central Library 29/02/2016 Cen Lib/Ret 5000.00   363.7 NEE A-943848 29/02/2016 8 5000.00 29/02/2016 English Books
    Dewey Decimal Classification v.1   Not For Loan Reference Central Library Central Library 29/02/2016 Cen Lib/Ret 5000.00   363.7 NEE A-943841 29/02/2016 1 5000.00 27/07/2016 English Books
    Dewey Decimal Classification v.2   Not For Loan Reference Central Library Central Library 29/02/2016 Cen Lib/Ret 5000.00   363.7 NEE A-943842 29/02/2016 2 5000.00 29/02/2016 English Books
    Dewey Decimal Classification v. 3   Not For Loan Reference Central Library Central Library 29/02/2016 Cen Lib/Ret 5000.00   363.7 NEE A-943843 29/02/2016 3 5000.00 27/07/2016 English Books
    Dewey Decimal Classification v 4   Not For Loan Reference Central Library Central Library 29/02/2016 Cen Lib/Ret 5000.00   363.7 NEE A-943844 29/02/2016 4 5000.00 29/02/2016 English Books
    Dewey Decimal Classification v.5   Not For Loan Reference Central Library Central Library 29/02/2016 Cen Lib/Ret 5000.00   363.7 MEE A-943845 29/02/2016 5 5000.00 29/02/2016 English Books
    Dewey Decimal Classification v. 6   Not For Loan Reference Central Library Central Library 29/02/2016 Cen Lib/Ret 5000.00   363.7 NEE A-943846 29/02/2016 6 5000.00 29/02/2016 English Books
    Dewey Decimal Classification v. 7   Not For Loan Reference Central Library Central Library 29/02/2016 Cen Lib/Ret 5000.00   363.7 NEE A-943847 29/02/2016 7 5000.00 29/02/2016 English Books

© Delhi Public Library
Hit Counter
free hit counter